000 00493nam a2200181Ia 4500
008 100315s9999 xx 000 0 und d
040 _cENGLISH 
082 _b5407 
_a336.294 
100 _a"Datey, V.S. "
245 _aIndirect Taxes Law & Practice
260 _aNew Delhi 
_bTaxmann  
_c2005 
300 _a896p. 
365 _eRupees 
_d
_b310.00 
366 _f
630 _aIndirect Taxes Law & Practice
730 _aIndirect Taxes Law & Practice
942 _cBOOK
999 _c480142
_d480139